| 000 | 00978cam a22003133a 4500 | ||
|---|---|---|---|
| 001 | 12662 | ||
| 003 | PGUSA | ||
| 005 | 20140828083255.0 | ||
| 008 | 040601s2004||||xxu|||||s|||||000 1 eng d | ||
| 040 |
_aPGUSA _beng |
||
| 042 | _adc | ||
| 050 | 4 | _aPZ | |
| 100 | 1 |
_aPansy, _d1841-1930 |
|
| 245 | 1 | 0 |
_aFour Girls at Chautauqua _h[electronic resource] / _cPansy |
| 260 |
_bProject Gutenberg, _c2004 |
||
| 506 | _aPublic domain in the USA. | ||
| 516 | _aElectronic text | ||
| 653 | _aConversion -- Juvenile fiction | ||
| 653 | _aCamp meetings -- Juvenile fiction | ||
| 653 | _aChristian life -- Juvenile fiction | ||
| 653 | _aSunday school teachers -- Juvenile fiction | ||
| 653 | _aYoung women -- Juvenile fiction | ||
| 653 | _aChautauqua (N.Y.) -- Juvenile fiction | ||
| 653 | _aFriendship -- Juvenile fiction | ||
| 653 | _aYoung men -- Juvenile fiction | ||
| 830 | 0 |
_aProject Gutenberg _v12662 |
|
| 856 | 4 | 0 | _uhttp://www.gutenberg.org/ebooks/12662 |
| 942 | _cEB | ||
| 999 |
_c241917 _d241917 |
||